000 00662nam a2200193Ii 4500
003 JO-AjNU
008 230605s9999||||xx |||||||||||||| ||und||
040 _aJO-AjNU
_bara
_erda
_cJO-AjNU
041 _aara
050 1 4 _aHD37.A7.S4.1990
100 3 _aالشنواني، صلاح,
_eauthor
_937508
245 0 0 _aالتطورات التكنولوجية والادارة الصناعية
264 3 1 _aالاسكندرية:مؤسسة شباب الجامعة،1990
300 _a371
336 _atext
_btxt
_2rdacontent
337 _aunmediated
_bn
_2rdamedia
338 _avolume
_bnc
_2rdacarrier
650 4 _aادارة صناعية-تكنولوجيا
_937509
999 _aA15678
_c19246
_d19246